000 00920nam a2200265Ia 4500
003 OSt
005 20220923211359.0
006 a|||||r|||| 00| 0
007 ta
008 220922b |||||||| |||| 00| 0 hin d
020 _a9788188808801 (hbk)
_c795
024 _a274,794
037 _b52, 10/09/2013, Vidyanidhi Prakashan
_cTextual
040 _aARTS
_cARTS
_bhin
041 _2hin
_ahin
082 _aO15:gx8,1:g, 152Q3
100 _aमिश्र, अनीश
245 0 _aकाव्यप्रकाश विमर्श
246 _aKāvyaprakāsh vimarsha
260 _aदिल्ली
_b शिवालिक प्रकाशन
_c2013
300 _a323पृ.
_ccm.
650 _aसंस्कृत साहित्य
942 _hO15:gx8,1:g, 152Q3
_cTEXL
_2CC
999 _c298942
_d298942